书目信息 |
| 题名: |
城乡规划环境影响评价实践
|
|
| 作者: | 韦斯顿 主编 ;黄瑾 , 董欣 译 | |
| 分册: | ||
| 出版信息: | 北京 中国建筑工业出版社 2006 |
|
| 页数: | 190页 | |
| 开本: | 26cm | |
| 丛书名: | 国外景观·环境规划与设计丛书 | |
| 单 册: | ||
| 中图分类: | X820.3 | |
| 科图分类: | ||
| 主题词: | 城乡规划--环境影响--评价--英国 , 城乡规划 , 环境影响 | |
| 电子资源: | ||
| ISBN: | 7-112-08217-X | |
| 000 | 01394oam2 2200337 450 | |
| 001 | 003157220 | |
| 005 | 20091208153441.37 | |
| 010 | @a7-112-08217-X@dCNY42.00 | |
| 100 | @a20060104d2006 em y0chiy0110 ea | |
| 101 | 1 | @achi@ceng |
| 102 | @aCN@b110000 | |
| 105 | @ay z 000yy | |
| 106 | @ar | |
| 200 | 1 | @a城乡规划环境影响评价实践@9cheng xiang gui hua huan jing ying xiang ping jia shi jian@f(英)乔·韦斯顿(Joe Weston)主编@g黄瑾,董欣译 |
| 210 | @a北京@c中国建筑工业出版社@d2006 | |
| 215 | @a190页@d26cm | |
| 225 | 2 | @a国外景观·环境规划与设计丛书 |
| 305 | @a英国Pearson Education Limited出版公司授权出版 | |
| 312 | @a封面英文题名:Planning and environmental impact assessment in practice | |
| 330 | @a本书以环境影响评价过程中的各重要阶段作为结构主线,重点介绍了英国在引入与实行这一制度过程中遇到的一些基本问题。涉及组织的管理;范围确定与公众参与;地方规划局评议和决策;影响监测;污染控制;实践中的收获等。 | |
| 461 | 0 | @12001 @a国外景观·环境规划与设计丛书 |
| 510 | 1 | @aPlanning and environmental impact assessment in practice@zeng |
| 606 | 0 | @a城乡规划@x环境影响@x评价@y英国 |
| 606 | 0 | @a城乡规划 |
| 606 | 0 | @a环境影响 |
| 690 | @aX820.3@v4 | |
| 701 | 0 | @c(英)@a韦斯顿@9wei si dun@c(Weston, Joe)@4主编 |
| 702 | 0 | @a黄瑾@9huang jin@c(教育学)@4译 |
| 702 | 0 | @a董欣@9dong xin@c(大学英语)@4译 |
| 801 | 0 | @aCN@bNLC@c20091208 |
| 905 | @b20796314-18@dX820.3@e141@f5 | |
| 城乡规划环境影响评价实践/(英)乔·韦斯顿(Joe Weston)主编/黄瑾,董欣译.-北京:中国建筑工业出版社,2006 |
| 190页;26cm.-(国外景观·环境规划与设计丛书) |
| ISBN 7-112-08217-X:CNY42.00 |
| 本书以环境影响评价过程中的各重要阶段作为结构主线,重点介绍了英国在引入与实行这一制度过程中遇到的一些基本问题。涉及组织的管理;范围确定与公众参与;地方规划局评议和决策;影响监测;污染控制;实践中的收获等。 |
| ● |
| 相关链接 |
|
|
|
|
正题名:城乡规划环境影响评价实践
索取号:X820.3/141
 
预约/预借
| 序号 | 登录号 | 条形码 | 馆藏地/架位号 | 状态 | 备注 |
| 1 | 796314 | 207963140 | 第二样本阅览室/ [索取号:X820.3/141] | 在馆 | |
| 2 | 796315 | 207963159 | 第三借阅区/ [索取号:X820.3/141] | 在馆 | |
| 3 | 796316 | 207963168 | 第三借阅区/ [索取号:X820.3/141] | 在馆 | |
| 4 | 796317 | 207963177 | 第三借阅区/ [索取号:X820.3/141] | 在馆 | |
| 5 | 796318 | 207963186 | 密集书库-资源管理系/ [索取号:X820.3/141] | 在馆 |